000 00509nam a2200157 i 4500
001 49593
003 ES-MaACL
005 20230906162024.0
007 t|
008 030718s1946 sp ||||1| spa d
100 1 _aCostas Jové, Francisco de A.
_941134
245 1 3 _aEl novelista Narciso Oller
_b: ensayo biográfico /
_cFrancisco de A. Costas Jové.
260 _aTarragona :
_b[s.n.],
_c1946 (
_fSucs. de Torres y Virgili)
300 _a74 p., retr. aut. ;
_c22 cm.
852 _aES-MaACL
_j1861-F-2
_bR.23375
999 _c49593
_d49593